[Event "ARG-ch Amateur U1700"]
[Site "Suipacha"]
[Date "2019.11.15"]
[Round "2.7"]
[White "Albornoz Molinari, Aleli Rocio"]
[Black "Pugliese, Emiliano"]
[Result "0-1"]
[WhiteElo "1459"]
[BlackElo "1644"]
[PlyCount "104"]
[EventDate "2019.11.15"]
[EventType "swiss"]
[EventRounds "8"]
[EventCountry "ARG"]
[SourceTitle "EXT 2024"]
[Source "ChessBase"]
[SourceDate "2023.10.10"]
[SourceVersion "1"]
[SourceVersionDate "2023.10.10"]
[SourceQuality "1"]

1. e4 d5 2. exd5 Qxd5 3. Nc3 Qa5 4. d4 Nf6 5. Bd2 c6 6. Ne4 Qc7 7. Nxf6+ gxf6 8. Bd3 Be6 9. Ne2 Bg4 10. f3 Bh5 11. Nf4 Bg6 12. Nxg6 hxg6 13. g3 e6 14. Qe2 Nd7 15. c4 Qxg3+ 16. hxg3 Rxh1+ 17. Kf2 Rh2+ 18. Ke3 Rxe2+ 19. Kxe2 Bd6 20. f4 f5 21. Ba5 b6 22. Bc3 a5 23. Rh1 Bb4 24. Rh8+ Nf8 25. Bxb4 axb4 26. Bb1 Ke7 27. c5 bxc5 28. dxc5 Ra5 29. Kd3 Rxc5 30. Kd4 Rc1 31. Bd3 c5+ 32. Ke3 Rg1 33. Kf3 Ra1 34. Bc4 Rb1 35. Rh2 Rc1 36. b3 Rc3+ 37. Kf2 Rc2+ 38. Kg1 Rxh2 39. Kxh2 Nd7 40. Kg2 Nf6 41. Kf3 Ne4 42. Bd3 Nc3 43. Ke3 Nxa2 44. Kd2 Kd6 45. Bb5 Nc3 46. Be8 Ke7 47. Bc6 Ne4+ 48. Ke3 Nxg3 49. Kf3 Nh5 50. Bb5 Nf6 51. Bd3 Nd5 52. Bc4 f6 0-1

[Event "ARG-ch Amateur U1700"]
[Site "Suipacha"]
[Date "2017.11.18"]
[Round "3.10"]
[White "Nardi, Hector Fernando"]
[Black "Pugliese, Emiliano"]
[Result "1/2-1/2"]
[WhiteElo "1514"]
[BlackElo "1665"]
[PlyCount "35"]
[EventDate "2017.11.17"]
[EventType "swiss"]
[EventRounds "9"]
[EventCountry "ARG"]
[SourceTitle "EXT 2024"]
[Source "ChessBase"]
[SourceDate "2023.10.10"]
[SourceVersion "1"]
[SourceVersionDate "2023.10.10"]
[SourceQuality "1"]

1. d4 c6 2. c4 d5 3. e3 e6 4. Nf3 f5 5. Ne5 Nf6 6. Nc3 Bd6 7. Bd3 0-0 8. 0-0 Qe8 9. f4 Nbd7 10. Qf3 Ne4 11. Qh3 Ndf6 12. Nxe4 Nxe4 13. Bxe4 Bxe5 14. fxe5 fxe4 15. c5 Bd7 16. Bd2 Qg6 17. Rxf8+ Rxf8 18. Rf1 1/2-1/2

[Event "ARG-ch sf U1700 Libert San Martin"]
[Site "San Juan"]
[Date "2016.08.14"]
[Round "4.1"]
[White "Rodriguez, Nicolas"]
[Black "Pugliese, Emiliano"]
[Result "1/2-1/2"]
[WhiteElo "1610"]
[BlackElo "1633"]
[PlyCount "45"]
[EventDate "2016.08.13"]
[EventType "swiss"]
[EventRounds "7"]
[EventCountry "ARG"]
[SourceTitle "EXT 2024"]
[Source "ChessBase"]
[SourceDate "2023.10.10"]
[SourceVersion "1"]
[SourceVersionDate "2023.10.10"]
[SourceQuality "1"]

1. e4 c6 2. d4 d5 3. exd5 cxd5 4. c4 Nf6 5. Nc3 dxc4 6. Bxc4 e6 7. Bf4 Nc6 8. Nf3 Be7 9. 0-0 0-0 10. Re1 Nb4 11. Rc1 b6 12. a3 Nbd5 13. Nxd5 Nxd5 14. Bg3 Bb7 15. Ne5 Nf6 16. Bb5 Bxg2 17. Bc6 Bxc6 18. Nxc6 Qd7 19. Nxe7+ Qxe7 20. d5 Qd7 21. dxe6 Qxd1 22. exf7+ Rxf7 23. Rcxd1 1/2-1/2

[Event "ARG-ch sf U1700 Libert San Martin"]
[Site "San Juan"]
[Date "2016.08.13"]
[Round "2.1"]
[White "Pugliese, Emiliano"]
[Black "Quispe, Fernando"]
[Result "1-0"]
[WhiteElo "1633"]
[BlackElo "1354"]
[PlyCount "83"]
[EventDate "2016.08.13"]
[EventType "swiss"]
[EventRounds "7"]
[EventCountry "ARG"]
[SourceTitle "EXT 2024"]
[Source "ChessBase"]
[SourceDate "2023.10.10"]
[SourceVersion "1"]
[SourceVersionDate "2023.10.10"]
[SourceQuality "1"]

1. d4 e6 2. Bf4 d6 3. e3 Nf6 4. Bd3 c6 5. c3 Nfd7 6. Nf3 h6 7. h3 Nf6 8. Nbd2 Be7 9. Qe2 b5 10. a4 Qa5 11. Nb3 Qb6 12. axb5 cxb5 13. Bxb5+ Bd7 14. Bxd7+ Nbxd7 15. Qc2 d5 16. Nbd2 Rc8 17. 0-0 g5 18. Bh2 g4 19. hxg4 Nxg4 20. Bg3 h5 21. Bh4 Qc7 22. e4 Bxh4 23. Nxh4 Qd8 24. Ndf3 dxe4 25. Qxe4 Ngf6 26. Qf4 a5 27. g3 Rg8 28. Ng5 Nf8 29. Rfe1 Qd5 30. Re5 Qd7 31. Qxf6 Ng6 32. Nxg6 Rxg6 33. Qh8+ Ke7 34. Qxh5 Rcg8 35. Rexa5 Kf6 36. Ne4+ Kg7 37. Ra7 Qd5 38. Qxd5 exd5 39. Nc5 Kh8 40. Rxf7 Rb6 41. Kg2 Rxb2 42. Rh1# 1-0

[Event "Mendoza-ch"]
[Site "Mendoza"]
[Date "2016.01.25"]
[Round "2"]
[White "Jesse, Jose"]
[Black "Pugliese, Emiliano"]
[Result "0-1"]
[WhiteElo "1834"]
[BlackElo "1520"]
[PlyCount "130"]
[EventDate "2016.01.25"]
[EventType "swiss"]
[EventRounds "7"]
[EventCountry "ARG"]
[SourceTitle "EXT 2017"]
[Source "ChessBase"]
[SourceDate "2016.10.25"]
[SourceVersion "1"]
[SourceVersionDate "2016.10.25"]
[SourceQuality "1"]

1. e4 c6 2. d3 d5 3. Nd2 dxe4 4. dxe4 g6 5. Ngf3 Bg7 6. c3 Nf6 7. Be2 0-0 8. 0-0 Qc7 9. Qc2 Nbd7 10. b4 Rd8 11. Bb2 Ng4 12. h3 Nge5 13. Rad1 b6 14. Nxe5 Bxe5 15. Nc4 Bg7 16. Rd2 Bb7 17. Rfd1 Bh6 18. Rd3 c5 19. Rf3 Nf6 20. Rxd8+ Rxd8 21. Bd3 Rxd3 22. Rxd3 Bxe4 23. Qe2 Bxd3 24. Qxd3 cxb4 25. cxb4 Bg7 26. Be5 Qd7 27. Qb3 Qd5 28. Bxf6 Bxf6 29. b5 Qd4 30. Ne3 h5 31. Qa3 Qa1+ 32. Kh2 Be5+ 33. g3 Qe1 34. Kg2 Bd4 35. Qxe7 Bxe3 36. Qe8+ Kg7 37. Qe5+ Kg8 38. Qxe3 Qb1 39. Qe8+ Kg7 40. a4 Qb4 41. Qe5+ Kg8 42. Qb8+ Kg7 43. Qxa7 Qe4+ 44. Kh2 Qd4 45. Qb7 Qxf2+ 46. Qg2 Qd4 47. Qa2 Qc5 48. Kg2 f6 49. Qb3 Qd4 50. Kf3 g5 51. g4 hxg4+ 52. hxg4 Qf4+ 53. Kg2 Qd2+ 54. Kf1 Qf4+ 55. Ke2 Qh2+ 56. Kd1 Qh1+ 57. Kc2 Qh2+ 58. Kb1 Qg1+ 59. Ka2 Qg2+ 60. Ka3 Qxg4 61. a5 bxa5 62. b6 Qc8 63. b7 Qb8 64. Ka4 g4 65. Kxa5 Qa7+ 0-1